[Event "Wch U18"]
[Site "Montesilvano"]
[Date "2023.11.24"]
[Round "11"]
[White "Orozbaev, Eldiar"]
[Black "Bai, Adelard"]
[Result "0-1"]
[WhiteElo "2278"]
[BlackElo "2384"]
[PlyCount "44"]
[EventDate "2023.11.13"]
[EventType "swiss"]
[EventRounds "11"]
[EventCountry "ITA"]
[SourceTitle "CB48_2023"]
[SourceDate "2023.11.29"]
[SourceVersion "1"]
[SourceVersionDate "2023.11.29"]
[SourceQuality "1"]

1. e4 e5 2. Nc3 Nf6 3. d4 exd4 4. Qxd4 Nc6 5. Qd3 Bb4 6. Bd2 0-0 7. 0-0-0 Re8 8. Qg3 Rxe4 9. a3 Rg4 10. Qh3 Bxc3 11. Bxc3 d5 12. f3 Rd4 13. g4 Rxd1+ 14. Kxd1 d4 15. Bd2 Qd5 16. Qg2 Qa2 17. Bc1 Nd5 18. Bd3 Ne3+ 19. Bxe3 dxe3 20. Qh3 g6 21. Qh6 Qb1+ 22. Ke2 Nd4+ 0-1

[Event "Wch U18"]
[Site "Montesilvano"]
[Date "2023.11.23"]
[Round "10"]
[White "Bai, Adelard"]
[Black "Eidelman, Gabriel"]
[Result "1/2-1/2"]
[WhiteElo "2384"]
[BlackElo "2284"]
[PlyCount "173"]
[EventDate "2023.11.13"]
[EventType "swiss"]
[EventRounds "11"]
[EventCountry "ITA"]
[SourceTitle "CB48_2023"]
[SourceDate "2023.11.29"]
[SourceVersion "1"]
[SourceVersionDate "2023.11.29"]
[SourceQuality "1"]

1. d4 Nf6 2. c4 g6 3. g3 Bg7 4. Bg2 0-0 5. Nc3 d6 6. Nf3 c5 7. 0-0 Nc6 8. dxc5 dxc5 9. Be3 Be6 10. Qa4 Nd4 11. Bxd4 cxd4 12. Nb5 Bd7 13. Qb3 Ne4 14. Rad1 Bxb5 15. Qxb5 Nd6 16. Qa4 Qb6 17. Ne1 Qc7 18. b3 Rab8 19. Qa3 e5 20. Nd3 Rfc8 21. Qc1 Qd7 22. Nb4 Nf5 23. Nd5 Ne7 24. Qa3 Nxd5 25. Bxd5 b6 26. e3 a5 27. Rfe1 Bf8 28. Qb2 Bc5 29. exd4 Bxd4 30. Qe2 Re8 31. Qf3 Qf5 32. Qxf5 gxf5 33. Kg2 Kg7 34. f4 f6 35. Rf1 Bc5 36. Bc6 Red8 37. Bd7 exf4 38. gxf4 Rb7 39. Bxf5 Rd5 40. Rfe1 Rxd1 41. Rxd1 Re7 42. Bg4 Re4 43. Rd7+ Kg6 44. Kg3 Rd4 45. Rd5 Rxd5 46. cxd5 f5 47. Be2 Kf6 48. Kf3 Ba3 49. Bb5 Ke7 50. Bd3 Kf6 51. Bb5 Ke7 52. Bd3 Kf6 53. Ba6 h6 54. Bc8 Bd6 55. Bd7 Bc7 56. h3 Bd6 57. Ke3 Bc7 58. Bc8 Bd6 59. Kd4 Bxf4 60. Kc4 Ke5 61. Kb5 Kxd5 62. Kxb6 Bd2 63. Bxf5 Ke5 64. Bc8 Kf6 65. a3 h5 66. Kb5 h4 67. b4 axb4 68. axb4 Kg7 69. Kc5 Bxb4+ 70. Kxb4 Kh8 71. Kc5 Kg7 72. Kd6 Kh8 73. Ke5 Kg7 74. Kf4 Kh8 75. Kg5 Kg7 76. Kxh4 Kh8 77. Kg5 Kg7 78. h4 Kh8 79. h5 Kg7 80. Be6 Kh8 81. Kf6 Kh7 82. Bf7 Kh8 83. Ke7 Kg7 84. Ke8 Kh8 85. Kf8 Kh7 86. Bg6+ Kh8 87. h6 1/2-1/2

[Event "Wch U18"]
[Site "Montesilvano"]
[Date "2023.11.21"]
[Round "8"]
[White "Bai, Adelard"]
[Black "Khoder, Akram"]
[Result "1-0"]
[WhiteElo "2384"]
[BlackElo "2191"]
[PlyCount "59"]
[EventDate "2023.11.13"]
[EventType "swiss"]
[EventRounds "11"]
[EventCountry "ITA"]
[SourceTitle "CB48_2023"]
[SourceDate "2023.11.29"]
[SourceVersion "1"]
[SourceVersionDate "2023.11.29"]
[SourceQuality "1"]

1. d4 d5 2. Nf3 Nf6 3. c4 c6 4. g3 Bf5 5. Nc3 e6 6. Nh4 dxc4 7. Nxf5 exf5 8. e3 Bd6 9. Bxc4 0-0 10. Qf3 g6 11. Bd2 Qe7 12. h3 Nbd7 13. g4 c5 14. Kf1 Ne4 15. Rd1 cxd4 16. exd4 Rae8 17. Bh6 Ndf6 18. gxf5 Kh8 19. Bxf8 Qxf8 20. Bd3 Nxc3 21. bxc3 g5 22. Qxb7 Rb8 23. Qf3 Qh6 24. c4 Qh4 25. c5 Bf4 26. d5 Rb4 27. a3 Ra4 28. Bb5 Re4 29. d6 Bxd6 30. cxd6 1-0

[Event "Wch U18"]
[Site "Montesilvano"]
[Date "2023.11.20"]
[Round "7"]
[White "Czernek, Tymon"]
[Black "Bai, Adelard"]
[Result "1-0"]
[WhiteElo "2329"]
[BlackElo "2384"]
[PlyCount "71"]
[EventDate "2023.11.13"]
[EventType "swiss"]
[EventRounds "11"]
[EventCountry "ITA"]
[SourceTitle "CB48_2023"]
[SourceDate "2023.11.29"]
[SourceVersion "1"]
[SourceVersionDate "2023.11.29"]
[SourceQuality "1"]

1. e4 e5 2. Nf3 Nc6 3. Bc4 Nf6 4. d3 h6 5. 0-0 d6 6. c3 g5 7. a4 a6 8. a5 Bg7 9. Nbd2 Ne7 10. d4 Ng6 11. h3 g4 12. hxg4 Nxg4 13. Re1 Qe7 14. Nf1 Be6 15. Qa4+ Bd7 16. Qb3 0-0-0 17. Ne3 Nf4 18. Nf5 Qf6 19. Bxf4 exf4 20. Bd5 c6 21. Bxf7 d5 22. exd5 Bxf5 23. Be6+ Bxe6 24. Rxe6 Qf7 25. dxc6 Rhe8 26. Qxb7+ Qxb7 27. cxb7+ Kb8 28. Rg6 h5 29. Rxg7 Re2 30. d5 Rde8 31. d6 R2e6 32. Rd1 Re4 33. b3 R4e6 34. c4 Re2 35. d7 Rd8 36. Nd4 1-0

[Event "Wch U18"]
[Site "Montesilvano"]
[Date "2023.11.18"]
[Round "6"]
[White "Bai, Adelard"]
[Black "Loftgaard, Mikkel Vinh"]
[Result "1-0"]
[WhiteElo "2384"]
[BlackElo "2225"]
[PlyCount "105"]
[EventDate "2023.11.13"]
[EventType "swiss"]
[EventRounds "11"]
[EventCountry "ITA"]
[SourceTitle "CB48_2023"]
[SourceDate "2023.11.29"]
[SourceVersion "1"]
[SourceVersionDate "2023.11.29"]
[SourceQuality "1"]

1. d4 Nf6 2. c4 e6 3. Nf3 d5 4. g3 Bb4+ 5. Bd2 Be7 6. Bg2 0-0 7. Qc2 c6 8. 0-0 Ne4 9. Bf4 Nd7 10. Nc3 f5 11. Rad1 g5 12. Bc1 Bf6 13. Ne1 Nxc3 14. Qxc3 b5 15. cxb5 cxb5 16. Nf3 g4 17. Ne5 Nxe5 18. dxe5 Bg7 19. e4 fxe4 20. Bxe4 Qe7 21. Bb1 Qf7 22. Be3 Bb7 23. Bd4 Qf3 24. Qc2 Qf5 25. Qxf5 exf5 26. Rc1 Rac8 27. Rxc8 Bxc8 28. Rc1 Be6 29. Bxa7 Rc8 30. Rxc8+ Bxc8 31. Bd4 Kf7 32. Bd3 b4 33. b3 Bf8 34. f4 Bd7 35. Kf2 Ke6 36. Ke3 h5 37. Bb6 Bc8 38. Kd4 Bh6 39. Bc5 h4 40. Bxb4 h3 41. Ke3 d4+ 42. Kxd4 Bxf4 43. gxf4 g3 44. Bc4+ Kd7 45. e6+ Kc7 46. e7 g2 47. e8Q g1Q+ 48. Qe3 Qd1+ 49. Bd3 Qa1+ 50. Bc3 Qxa2 51. Qe5+ Kb7 52. Qb5+ Kc7 53. Ba5+ 1-0

[Event "Wch U18"]
[Site "Montesilvano"]
[Date "2023.11.15"]
[Round "3"]
[White "Harshad, S."]
[Black "Bai, Adelard"]
[Result "1/2-1/2"]
[WhiteElo "2263"]
[BlackElo "2384"]
[PlyCount "93"]
[EventDate "2023.11.13"]
[EventType "swiss"]
[EventRounds "11"]
[EventCountry "ITA"]
[SourceTitle "CB48_2023"]
[SourceDate "2023.11.29"]
[SourceVersion "1"]
[SourceVersionDate "2023.11.29"]
[SourceQuality "1"]

1. e4 e5 2. Nf3 Nc6 3. Bb5 g6 4. c3 Bg7 5. d4 exd4 6. cxd4 a6 7. Bxc6 dxc6 8. h3 Ne7 9. Nc3 h6 10. Bf4 g5 11. Bg3 Ng6 12. 0-0 h5 13. Ne5 Nxe5 14. Bxe5 Bxe5 15. dxe5 Qe7 16. Qd4 Be6 17. Ne2 Rd8 18. Qc3 Qd7 19. Rad1 Qxd1 20. Rxd1 Rxd1+ 21. Kh2 Kd8 22. Qe3 Rg8 23. Ng3 h4 24. Nh5 b6 25. Nf6 Rh8 26. b3 Kc8 27. Qxg5 Rhd8 28. f4 Kb7 29. f5 Bc8 30. Qxh4 R8d2 31. Qg4 Ra1 32. h4 Rdd1 33. h5 Rh1+ 34. Kg3 Rxa2 35. Qf4 Rb2 36. h6 Rxb3+ 37. Kg4 Rb2 38. g3 a5 39. h7 a4 40. Qf3 Rbh2 41. Qa3 b5 42. Qe7 Rxh7 43. Nxh7 Rxh7 44. e6 Bxe6 45. Qc5 Bc4 46. e5 Rh1 47. Qe3 1/2-1/2

[Event "Qatar Masters op"]
[Site "Doha"]
[Date "2023.10.17"]
[Round "6"]
[White "Bai, Adelard"]
[Black "Abdisalimov, Abdimalik"]
[Result "0-1"]
[WhiteElo "2395"]
[BlackElo "2487"]
[PlyCount "86"]
[EventDate "2023.10.11"]
[EventType "swiss"]
[EventRounds "9"]
[EventCountry "QAT"]
[SourceTitle "Mega2024 Update 01"]
[Source "Chessbase"]
[SourceDate "2023.11.12"]
[SourceVersion "1"]
[SourceVersionDate "2023.11.12"]
[SourceQuality "1"]

1. d4 e6 2. c4 b6 3. Nf3 Bb7 4. g3 Bb4+ 5. Nc3 Bxc3+ 6. bxc3 Ne7 7. Bg2 d6 8. 0-0 0-0 9. Qc2 Bxf3 10. Bxf3 Nbc6 11. Rd1 Rc8 12. Be4 h6 13. Bf4 Qe8 14. Rab1 f5 15. Bg2 e5 16. Bc1 Na5 17. dxe5 dxe5 18. c5 Kh8 19. c4 e4 20. Qc3 Qc6 21. Ba3 Rf7 22. Rd2 Qe6 23. Rc1 Nb7 24. cxb6 cxb6 25. Rcd1 Rxc4 26. Qb3 Na5 27. Qb5 Qc6 28. Qe5 Ng6 29. Qb8+ Kh7 30. Bh3 Qa4 31. Bb2 Rc2 32. Qd8 Rxd2 33. Rxd2 Nc4 34. Rd4 Qxa2 35. Qd5 Qb1+ 36. Kg2 Nce5 37. Rb4 Rd7 38. Qe6 Qe1 39. Rd4 Rxd4 40. Bxd4 Nf3 41. Bxf5 Qg1+ 42. Kh3 Ng5+ 43. Kg4 Nxe6 0-1

[Event "Budapest FS09 GM"]
[Site "Budapest"]
[Date "2023.09.12"]
[Round "9"]
[White "Aulia, Medina Warda"]
[Black "Bai, Adelard"]
[Result "0-1"]
[WhiteElo "2373"]
[BlackElo "2377"]
[PlyCount "140"]
[EventDate "2023.09.02"]
[EventType "tourn"]
[EventRounds "9"]
[EventCountry "HUN"]
[EventCategory "6"]
[SourceTitle "EXT 2024"]
[Source "ChessBase"]
[SourceDate "2023.10.10"]
[SourceVersion "1"]
[SourceVersionDate "2023.10.10"]
[SourceQuality "1"]

1. e4 e5 2. Nf3 Nc6 3. Bb5 g6 4. 0-0 Bg7 5. c3 a6 6. Ba4 b5 7. Bc2 d6 8. h3 Nf6 9. Re1 0-0 10. d4 exd4 11. cxd4 Nb4 12. Bb3 c5 13. a3 Nc6 14. Nc3 Nxd4 15. Nxd4 cxd4 16. Qxd4 Be6 17. Qd1 Re8 18. Bc2 Rc8 19. Bg5 Qb6 20. Qd2 Nd7 21. Bh6 Qd4 22. Qc1 Ne5 23. Bxg7 Kxg7 24. Re3 Rc6 25. Qb1 Rec8 26. Bd3 Rxc3 27. bxc3 Rxc3 28. Bf1 Rxe3 29. fxe3 Qxe3+ 30. Kh1 Bc4 31. Qe1 Qxe1 32. Rxe1 Kf6 33. Kg1 Bxf1 34. Rxf1+ Ke6 35. Rc1 d5 36. exd5+ Kxd5 37. Rc7 Nc4 38. Rd7+ Kc5 39. Rd3 Kb6 40. Kf1 Ka5 41. Ke1 Ka4 42. Rf3 a5 43. Kd1 Nxa3 44. Rxf7 b4 45. Rxh7 Kb3 46. h4 Nb5 47. g4 a4 48. Rb7 Nc3+ 49. Kc1 a3 50. h5 gxh5 51. g5 a2 52. Ra7 Nb5 53. Rxa2 Kxa2 54. g6 b3 55. g7 b2+ 56. Kd2 b1Q 57. g8Q+ Qb3 58. Qa8+ Kb2 59. Ke2 Nd4+ 60. Kf2 Kc2 61. Kg2 Qe6 62. Qa4+ Kd3 63. Qd1+ Ke3 64. Qxh5 Qc6+ 65. Kg3 Nf3 66. Kh3 Qd7+ 67. Kg3 Qd6+ 68. Kg4 Qf4+ 69. Kh3 Qh2+ 70. Kg4 Ne5+ 0-1

[Event "Budapest FS09 GM"]
[Site "Budapest"]
[Date "2023.09.08"]
[Round "6"]
[White "Bai, Adelard"]
[Black "Mirzoev, Azer"]
[Result "1/2-1/2"]
[WhiteElo "2377"]
[BlackElo "2418"]
[PlyCount "60"]
[EventDate "2023.09.02"]
[EventType "tourn"]
[EventRounds "9"]
[EventCountry "HUN"]
[EventCategory "6"]
[SourceTitle "EXT 2024"]
[Source "ChessBase"]
[SourceDate "2023.10.10"]
[SourceVersion "1"]
[SourceVersionDate "2023.10.10"]
[SourceQuality "1"]

1. d4 d5 2. Nf3 Nf6 3. c4 c6 4. g3 g6 5. Bg2 Bg7 6. 0-0 0-0 7. Ne5 Nbd7 8. Nc3 Nxe5 9. dxe5 Ng4 10. cxd5 Nxe5 11. Qb3 Qb6 12. Be3 Qa6 13. Rfc1 Bg4 14. h3 Bxe2 15. Nxe2 Qxe2 16. Qxb7 cxd5 17. Qxd5 Nc4 18. Re1 Nxe3 19. Qxa8 Qxb2 20. Qe4 Nxg2 21. Kxg2 Bd4 22. Qf3 e5 23. a4 e4 24. Qf4 e3 25. Rab1 exf2 26. Rf1 Qc3 27. Rbc1 Qb2 28. Rb1 Qc3 29. Rbc1 Qb2 30. Rb1 Qc3 1/2-1/2

[Event "Budapest FS09 GM"]
[Site "Budapest"]
[Date "2023.09.06"]
[Round "5"]
[White "Sukandar, Irine Kharisma"]
[Black "Bai, Adelard"]
[Result "0-1"]
[WhiteElo "2371"]
[BlackElo "2377"]
[PlyCount "150"]
[EventDate "2023.09.02"]
[EventType "tourn"]
[EventRounds "9"]
[EventCountry "HUN"]
[EventCategory "6"]
[SourceTitle "EXT 2024"]
[Source "ChessBase"]
[SourceDate "2023.10.10"]
[SourceVersion "1"]
[SourceVersionDate "2023.10.10"]
[SourceQuality "1"]

1. d4 Nf6 2. c4 e6 3. Nf3 Bb4+ 4. Bd2 Bxd2+ 5. Qxd2 b6 6. Nc3 Bb7 7. Qc2 d5 8. cxd5 exd5 9. e3 0-0 10. Bd3 c5 11. dxc5 bxc5 12. 0-0 Nbd7 13. Rac1 Re8 14. Be2 Rc8 15. Rfd1 Qb6 16. Qf5 Qxb2 17. Rb1 Qxc3 18. Rxb7 g6 19. Qh3 Ne5 20. Nxe5 Qxe5 21. Rxa7 Ra8 22. Rxa8 Rxa8 23. a4 c4 24. Rb1 Kg7 25. Bd1 Qe4 26. Rb6 d4 27. Qf3 Qxf3 28. gxf3 dxe3 29. fxe3 Nd5 30. Rc6 Nxe3 31. Be2 Rxa4 32. Kf2 Nf5 33. Bxc4 Rb4 34. Bd3 Nd4 35. Rc4 Rb2+ 36. Ke3 Ne6 37. Bc2 Ra2 38. Rc3 Kf6 39. Ke4 Ra1 40. Re3 Rf1 41. Bb3 Nc5+ 42. Kf4 Rg1 43. h4 Rb1 44. Bd5 Rd1 45. Bb3 Rd4+ 46. Kg3 Nb7 47. Rc3 Nd6 48. Bc2 h5 49. Rc5 Rc4 50. Rxc4 Nxc4 51. Kf4 Nd6 52. Kg3 Nf5+ 53. Kh3 Nd4 54. Be4 Ke5 55. Kg3 Ne2+ 56. Kf2 Nd4 57. Kg3 Nf5+ 58. Kh3 Nd6 59. Bc6 Kf4 60. Bd5 f6 61. Kg2 Ke5 62. Ba2 Kd4 63. Kg3 Ke3 64. Bd5 Nf5+ 65. Kh3 Kf2 66. Be4 Ne7 67. Kh2 f5 68. Bb7 Ng8 69. Bd5 Nf6 70. Bc6 Ng4+ 71. fxg4 hxg4 72. Bd5 f4 73. h5 gxh5 74. Bh1 f3 75. Bg2 g3+ 0-1

[Event "Abu Dhabi op 29th"]
[Site "Abu Dhabi"]
[Date "2023.08.22"]
[Round "7"]
[White "Popov, Maksim"]
[Black "Bai, Adelard"]
[Result "1/2-1/2"]
[WhiteElo "2354"]
[BlackElo "2399"]
[PlyCount "60"]
[EventDate "2023.08.16"]
[EventType "swiss"]
[EventRounds "9"]
[EventCountry "UAE"]
[SourceTitle "EXT 2024"]
[Source "ChessBase"]
[SourceDate "2023.10.10"]
[SourceVersion "1"]
[SourceVersionDate "2023.10.10"]
[SourceQuality "1"]

1. e4 e5 2. Nf3 Nc6 3. Bb5 a6 4. Ba4 b5 5. Bb3 Na5 6. 0-0 d6 7. d4 exd4 8. Nxd4 Bb7 9. c4 c5 10. Nf5 g6 11. Ng3 Nxb3 12. Qxb3 b4 13. a3 a5 14. Nc3 bxc3 15. Qxb7 Rb8 16. Qc6+ Qd7 17. Qxd7+ Kxd7 18. bxc3 Ne7 19. Rd1 Nc6 20. Bf4 Ke6 21. a4 Be7 22. Ne2 Rb2 23. Kf1 h5 24. Be3 Ne5 25. Nf4+ Kf6 26. Nd5+ Ke6 27. Rab1 Rhb8 28. Rxb2 Rxb2 29. Nf4+ Kf6 30. Nd5+ Ke6 1/2-1/2

[Event "Piestany op-A"]
[Site "Piestany"]
[Date "2023.07.18"]
[Round "8"]
[White "Bai, Adelard"]
[Black "Jarocka, Liwia"]
[Result "1-0"]
[WhiteElo "2398"]
[BlackElo "2241"]
[PlyCount "79"]
[EventDate "2023.07.11"]
[EventType "swiss"]
[EventRounds "9"]
[EventCountry "SVK"]
[SourceTitle "EXT 2024"]
[Source "ChessBase"]
[SourceDate "2023.10.10"]
[SourceVersion "1"]
[SourceVersionDate "2023.10.10"]
[SourceQuality "1"]

1. d4 d5 2. Nf3 Nf6 3. c4 c6 4. g3 Bf5 5. Nc3 e6 6. Nh4 Be4 7. f3 Bg6 8. Qb3 Qb6 9. c5 Qxb3 10. axb3 a6 11. b4 Be7 12. e4 0-0 13. Be3 Rd8 14. e5 Ne8 15. Nxg6 hxg6 16. f4 Nd7 17. Bd3 Nf8 18. Kd2 f5 19. h4 Kf7 20. Rag1 a5 21. Na4 axb4 22. Nb6 Ra7 23. g4 fxg4 24. Rxg4 Rb8 25. Kc2 Bd8 26. Bd2 Bxb6 27. cxb6 Ra4 28. Kb3 Raa8 29. Bxb4 Kg8 30. Rhg1 Rd8 31. Bxg6 Nxg6 32. Rxg6 Kf7 33. h5 Ra6 34. Bc5 Ra5 35. h6 Rb5+ 36. Kc3 gxh6 37. Rxh6 Ng7 38. Rf6+ Kg8 39. b4 Re8 40. Rfg6 1-0

[Event "Piestany op-A"]
[Site "Piestany"]
[Date "2023.07.17"]
[Round "7"]
[White "Indriunas, Matas"]
[Black "Bai, Adelard"]
[Result "1/2-1/2"]
[WhiteElo "2323"]
[BlackElo "2398"]
[PlyCount "45"]
[EventDate "2023.07.11"]
[EventType "swiss"]
[EventRounds "9"]
[EventCountry "SVK"]
[SourceTitle "EXT 2024"]
[Source "ChessBase"]
[SourceDate "2023.10.10"]
[SourceVersion "1"]
[SourceVersionDate "2023.10.10"]
[SourceQuality "1"]

1. e4 e5 2. Nf3 Nc6 3. Bb5 a6 4. Ba4 d6 5. c3 f5 6. exf5 Bxf5 7. 0-0 Bd3 8. Re1 Be7 9. Bc2 Bxc2 10. Qxc2 Nf6 11. d4 e4 12. Nfd2 d5 13. f3 exf3 14. Nxf3 0-0 15. Bg5 h6 16. Bxf6 Bxf6 17. Nbd2 Qd7 18. Nf1 Rae8 19. Ng3 Qf7 20. Rf1 Qd7 21. Rae1 Rxe1 22. Rxe1 Ne7 23. Nh5 1/2-1/2

[Event "Piestany op-A"]
[Site "Piestany"]
[Date "2023.07.16"]
[Round "6"]
[White "Bai, Adelard"]
[Black "Hrbek, Stepan"]
[Result "0-1"]
[WhiteElo "2398"]
[BlackElo "2317"]
[PlyCount "124"]
[EventDate "2023.07.11"]
[EventType "swiss"]
[EventRounds "9"]
[EventCountry "SVK"]
[SourceTitle "EXT 2024"]
[Source "ChessBase"]
[SourceDate "2023.10.10"]
[SourceVersion "1"]
[SourceVersionDate "2023.10.10"]
[SourceQuality "1"]

1. d4 Nf6 2. c4 e6 3. Nf3 c5 4. d5 d6 5. Nc3 exd5 6. cxd5 g6 7. Bf4 Bg7 8. e3 0-0 9. h3 Ne8 10. Be2 Nd7 11. 0-0 Ne5 12. Qc2 Nxf3+ 13. Bxf3 f5 14. Rab1 Bd7 15. b4 cxb4 16. Ne2 g5 17. Bh2 Qa5 18. Nd4 Bxd4 19. exd4 f4 20. Rfe1 Bf5 21. Be4 Bxe4 22. Qxe4 Ng7 23. Qf3 Qxa2 24. h4 h6 25. hxg5 hxg5 26. g3 Rae8 27. Rf1 Qc4 28. gxf4 gxf4 29. Rfc1 Qxd4 30. Rc7 Qe4 31. Qxe4 Rxe4 32. Rxb7 a5 33. Ra7 Nf5 34. Rxa5 Rb8 35. Kg2 Nh4+ 36. Kh3 Nf3 37. Ra7 b3 38. Rc7 b2 39. Rc2 Reb4 40. Bxf4 Rxf4 41. Rcxb2 Ng5+ 42. Kh2 Rxb2 43. Rxb2 Rd4 44. Rb7 Rxd5 45. Kg3 Nf7 46. f4 Kg7 47. Kf3 Kf6 48. Ke4 Rd1 49. Rb5 Ke6 50. Rh5 Rf1 51. Rh4 Re1+ 52. Kd4 Kf5 53. Rh7 Re7 54. Rh4 Re4+ 55. Kd5 Rxf4 56. Rh1 Kf6 57. Re1 Rf5+ 58. Kd4 Ne5 59. Rh1 Ke6 60. Rh6+ Rf6 61. Rh8 Rf4+ 62. Ke3 Ra4 0-1

[Event "Piestany op-A"]
[Site "Piestany"]
[Date "2023.07.12"]
[Round "2"]
[White "Bai, Adelard"]
[Black "Jeet, Jain"]
[Result "1-0"]
[WhiteElo "2398"]
[BlackElo "2225"]
[PlyCount "63"]
[EventDate "2023.07.11"]
[EventType "swiss"]
[EventRounds "9"]
[EventCountry "SVK"]
[SourceTitle "EXT 2024"]
[Source "ChessBase"]
[SourceDate "2023.10.10"]
[SourceVersion "1"]
[SourceVersionDate "2023.10.10"]
[SourceQuality "1"]

1. d4 d5 2. Nf3 Nf6 3. c4 e6 4. g3 Bb4+ 5. Bd2 Be7 6. Bg2 0-0 7. 0-0 Nbd7 8. Qc2 Ne4 9. Bf4 c6 10. Nc3 g5 11. Be3 Nd6 12. b3 Nf5 13. Bd2 g4 14. Ne1 Nxd4 15. Qd1 Bf6 16. e3 Nf3+ 17. Nxf3 gxf3 18. Qxf3 dxc4 19. Rad1 cxb3 20. axb3 Bg7 21. h4 Qb6 22. h5 Qxb3 23. Ne4 f5 24. h6 Be5 25. Ng5 a5 26. Qh5 Nf6 27. Qh4 Ne8 28. Nxh7 Kxh7 29. Qe7+ Bg7 30. hxg7 Rg8 31. Bf3 Nxg7 32. Qf7 1-0

[Event "Dortmund Sparkassen op 50th"]
[Site "Dortmund"]
[Date "2023.06.25"]
[Round "2"]
[White "Donchenko, Alexander"]
[Black "Bai, Adelard"]
[Result "1-0"]
[WhiteElo "2667"]
[BlackElo "2414"]
[PlyCount "53"]
[EventDate "2023.06.24"]
[EventType "swiss"]
[EventRounds "9"]
[EventCountry "GER"]
[SourceTitle "CBM 215 Extra"]
[Source "ChessBase"]
[SourceDate "2023.09.30"]
[SourceVersion "1"]
[SourceVersionDate "2023.09.30"]
[SourceQuality "1"]

1. d4 d5 2. c4 c6 3. Nf3 Nf6 4. Nc3 dxc4 5. a4 e6 6. e3 c5 7. Bxc4 cxd4 8. exd4 Nc6 9. Qe2 Be7 10. 0-0 0-0 11. Rd1 Nb4 12. Ne5 b6 13. Qf3 Rb8 14. Qg3 Nh5 15. Nxf7 Nxg3 16. Nxd8 Rxd8 17. hxg3 Nc2 18. Bf4 Rb7 19. Rac1 Nxd4 20. Nb5 Rbd7 21. Kh1 Bf6 22. Bc7 Re8 23. Nd6 Rf8 24. Ba2 Re7 25. Ne4 Bb7 26. Bd6 Rd7 27. Nxf6+ 1-0

[Event "Dubai op-A 23rd"]
[Site "Dubai"]
[Date "2023.05.30"]
[Round "4"]
[White "Davtyan, Artur"]
[Black "Bai, Adelard"]
[Result "1-0"]
[WhiteElo "2506"]
[BlackElo "2409"]
[PlyCount "111"]
[EventDate "2023.05.27"]
[EventType "swiss"]
[EventRounds "9"]
[EventCountry "UAE"]
[SourceTitle "CBM 214 Extra"]
[Source "ChessBase"]
[SourceDate "2023.07.31"]
[SourceVersion "1"]
[SourceVersionDate "2023.07.31"]
[SourceQuality "1"]

1. c4 c6 2. Nf3 d5 3. d4 Nf6 4. e3 Bf5 5. Nc3 e6 6. Nh4 Be4 7. Qb3 Qc7 8. cxd5 cxd5 9. Nxe4 dxe4 10. g3 Nc6 11. Bd2 Be7 12. Rc1 0-0 13. Bb5 Qb6 14. 0-0 Rac8 15. Qa4 Nb8 16. Ba5 Qd6 17. Ng2 a6 18. Be2 Nc6 19. Bd2 e5 20. dxe5 Qxd2 21. exf6 Bxf6 22. Bg4 Rcd8 23. Qxe4 Qxb2 24. Rb1 Qxa2 25. Rxb7 Ne5 26. Bd1 Qc4 27. Qxc4 Nxc4 28. Be2 Nd2 29. Rc1 a5 30. Ra7 Rc8 31. Rxc8 Rxc8 32. Nf4 Bd8 33. Rd7 Ne4 34. Bc4 Ng5 35. Kg2 Bf6 36. Ra7 Bd8 37. Bd5 Bc7 38. h4 Bxf4 39. gxf4 Ne6 40. Rxa5 Kf8 41. f5 Nc7 42. Rc5 Rd8 43. Bxf7 Na6 44. Ra5 Nc7 45. Bc4 Ne8 46. Ra7 Nd6 47. Be6 Re8 48. Rd7 Ne4 49. Bd5 Nc3 50. Bc4 Ne4 51. Kf3 Nc3 52. Rf7+ Kg8 53. Re7+ Kf8 54. Rf7+ Kg8 55. Rc7+ Kf8 56. Be6 1-0

[Event "Dubai op-A 23rd"]
[Site "Dubai"]
[Date "2023.05.29"]
[Round "3"]
[White "Bai, Adelard"]
[Black "Lalith, Babu MR"]
[Result "1/2-1/2"]
[WhiteElo "2409"]
[BlackElo "2529"]
[PlyCount "88"]
[EventDate "2023.05.27"]
[EventType "swiss"]
[EventRounds "9"]
[EventCountry "UAE"]
[SourceTitle "CBM 214 Extra"]
[Source "ChessBase"]
[SourceDate "2023.07.31"]
[SourceVersion "1"]
[SourceVersionDate "2023.07.31"]
[SourceQuality "1"]

1. d4 Nf6 2. c4 e6 3. Nf3 Bb4+ 4. Bd2 Qe7 5. g3 Nc6 6. Bg2 Bxd2+ 7. Nbxd2 0-0 8. 0-0 d6 9. e4 a5 10. d5 Nb8 11. dxe6 Qxe6 12. Nd4 Qe5 13. Nb5 Na6 14. Nc3 Bg4 15. f3 Be6 16. Qe2 Rfe8 17. Rfd1 Nb4 18. Nb3 Qh5 19. Kh1 Nc6 20. Nb5 Re7 21. N3d4 Nxd4 22. Rxd4 Qc5 23. Rad1 Nd7 24. b3 a4 25. b4 Qb6 26. a3 Ne5 27. Nc3 c6 28. c5 dxc5 29. Nxa4 Qa7 30. Nxc5 Qxa3 31. Rd8+ Re8 32. Nxe6 fxe6 33. Rxa8 Rxa8 34. f4 Nf7 35. Qc4 Rd8 36. Rf1 Rd2 37. Qxe6 Qxb4 38. Ra1 Kf8 39. h4 Qd4 40. Ra8+ Nd8 41. Qf5+ Kg8 42. Qe6+ Kf8 43. Qf5+ Kg8 44. e5 Qf2 1/2-1/2

[Event "Sharjah Challengers 6th"]
[Site "Sharjah"]
[Date "2023.05.20"]
[Round "4"]
[White "Bai, Adelard"]
[Black "Fawzy, Adham"]
[Result "1/2-1/2"]
[WhiteElo "2409"]
[BlackElo "2495"]
[PlyCount "90"]
[EventDate "2023.05.17"]
[EventType "swiss"]
[EventRounds "9"]
[EventCountry "UAE"]
[SourceTitle "CBM 214 Extra"]
[Source "ChessBase"]
[SourceDate "2023.07.31"]
[SourceVersion "1"]
[SourceVersionDate "2023.07.31"]
[SourceQuality "1"]

1. d4 Nf6 2. c4 g6 3. g3 Bg7 4. Bg2 d6 5. Nf3 0-0 6. 0-0 c5 7. Nc3 Nc6 8. dxc5 dxc5 9. Be3 Be6 10. Qa4 Nd4 11. Rad1 Bd7 12. Qa3 Nc2 13. Qxc5 b6 14. Qg5 h6 15. Qf4 g5 16. Qe5 Rc8 17. Nd5 Nxd5 18. Qxd5 Bc6 19. Qf5 Nxe3 20. fxe3 Qc7 21. b3 e6 22. Qc2 Ba8 23. Nd4 Bxg2 24. Kxg2 b5 25. Rc1 Qb7+ 26. Kg1 bxc4 27. bxc4 Rfd8 28. Rfd1 Qb4 29. Rd3 Bf6 30. Nb3 Kg7 31. c5 Qe4 32. Qc4 Qe5 33. Nd4 g4 34. Nb3 Rxd3 35. Qxd3 Rd8 36. Nd4 Bg5 37. Rc3 Rd5 38. c6 Bd8 39. Qc4 Bc7 40. Rd3 Rc5 41. Nxe6+ fxe6 42. Qxg4+ Kh8 43. Qg6 Rd5 44. Qe8+ Kg7 45. Qe7+ Kg6 1/2-1/2

[Event "Sharjah Challengers 6th"]
[Site "Sharjah"]
[Date "2023.05.19"]
[Round "3"]
[White "Bai, Adelard"]
[Black "Rios, Cristhian Camilo"]
[Result "1/2-1/2"]
[WhiteElo "2409"]
[BlackElo "2469"]
[PlyCount "68"]
[EventDate "2023.05.17"]
[EventType "swiss"]
[EventRounds "9"]
[EventCountry "UAE"]
[SourceTitle "CBM 214 Extra"]
[Source "ChessBase"]
[SourceDate "2023.07.31"]
[SourceVersion "1"]
[SourceVersionDate "2023.07.31"]
[SourceQuality "1"]

1. d4 Nf6 2. c4 e6 3. Nf3 d5 4. g3 Bb4+ 5. Bd2 Be7 6. Bg2 0-0 7. 0-0 c6 8. Qc2 Nbd7 9. Bf4 b6 10. Nbd2 Nh5 11. e3 Bb7 12. cxd5 exd5 13. h4 c5 14. Rfd1 Rc8 15. dxc5 Nxf4 16. exf4 Nxc5 17. Ne5 Bf6 18. Ndf3 Qe7 19. Rac1 Ne4 20. Qa4 a6 21. Qd4 b5 22. Qb6 Nd6 23. b3 Rxc1 24. Rxc1 Rc8 25. Rxc8+ Nxc8 26. Qd4 Qc7 27. Nh2 Nb6 28. Nhg4 Be7 29. Nd3 Qd6 30. Ne3 Bf6 31. Qc5 Be7 32. Qd4 Bf6 33. Qc5 Be7 34. Qd4 Bf6 1/2-1/2